| 000 | 00582nam a2200181Ia 4500 | ||
|---|---|---|---|
| 008 | 100920s9999 xx 000 0 und d | ||
| 082 |
_b5100 _a51 0 |
||
| 100 | _aताम्हनकर द. वि. | ||
| 245 | _aलो. टिळक दर्शन. | ||
| 260 |
_bकेसरी मुद्रणालय, पुणें-30. _c0 |
||
| 300 |
_a356 _bसाधी |
||
| 365 | _b6 | ||
| 520 | _aचरित्र. | ||
| 630 | _aलो. टिळक दर्शन. | ||
| 650 | _aचरित्र. | ||
| 730 | _aलो. टिळक दर्शन. | ||
| 942 | _cBOOK | ||
| 999 |
_c674290 _d674287 |
||